000 00673nam a2200205 u 4500
005 20240815063728.0
008 160727s2003 ca r 000 0 spa d
020 _a9803293486
035 _aUPN01000211943
049 _aI
050 4 _aPZ76.3
_bR6.324
100 1 _aRobles de Mora, Lolita,
_d1938-
_939398
245 1 0 _aGallito de las rocas :
_bmensajero del sol /
_cLolita Robles de Mora ; il. Francisco Cuero.
260 _aVenezuela :
_bLecturas Felices,
_c2003.
300 _a17 p. :
_bil. col.
440 0 _aCuentos de animales exóticos
650 7 _aAves
_vCuentos y leyendas
_2
_94118
650 4 _aAnimales
_xHábitos y comportamiento
_91059
905 _aInfantil
999 _c184044
_d184044